Đánh giá tác động xâm nhập mặn lên đặc tính đất huyện Ba Tri tỉnh Bến Tre (Luận văn thạc sĩ. Chuyên ngành: Khoa học đất)

Guardado en:
Detalles Bibliográficos
Autor principal: Tăng, Hoàng Mộng
Formato: Libro
Lenguaje:Undetermined
Publicado: Cần Thơ Đại học Cần Thơ 2014
Materias:
Etiquetas: Agregar Etiqueta
Sin Etiquetas, Sea el primero en etiquetar este registro!
Thư viện lưu trữ: Trung tâm Học liệu Trường Đại học Cần Thơ
LEADER 00805nam a2200205Ia 4500
001 CTU_198012
008 210402s9999 xx 000 0 und d
082 |a 631.8 
082 |b M455 
088 |a 60620103 
100 |a Tăng, Hoàng Mộng 
245 0 |a Đánh giá tác động xâm nhập mặn lên đặc tính đất huyện Ba Tri tỉnh Bến Tre 
245 0 |b (Luận văn thạc sĩ. Chuyên ngành: Khoa học đất) 
245 0 |c Tăng Hoàng Mộng; Dương Minh Viễn (Cán bộ hướng dẫn) 
260 |a Cần Thơ 
260 |b Đại học Cần Thơ 
260 |c 2014 
650 |a Saltwaters,Đất nhiễm mặn 
910 |a Nguyễn Thị Mỹ Linh 
980 |a Trung tâm Học liệu Trường Đại học Cần Thơ